La France de 1919 à 1939 (notice n° 2174976)

détails MARC
000 -LEADER
fixed length control field 00803cam a2200133 4500500
005 - DATE AND TIME OF LATEST TRANSACTION
control field 20260405051042.0
041 ## - LANGUAGE CODE
Language code of text/sound track or separate title fre
042 ## - AUTHENTICATION CODE
Authentication code dc
100 10 - MAIN ENTRY--PERSONAL NAME
Personal name Abbad, Fabrice
Relator term author
245 00 - TITLE STATEMENT
Title La France de 1919 à 1939
260 ## - PUBLICATION, DISTRIBUTION, ETC.
Name of publisher, distributor, etc. Armand Colin,<br/>
Date of publication, distribution, etc. 2016.<br/>
520 ## - SUMMARY, ETC.
Summary, etc. L’histoire politique, économique, sociale et culturelle de la France de l’entre-deux-guerres selon le principe pédagogique de la collection : chaque chapitre regroupe un glossaire (notions et concepts-clés), les sujets d’examens et de concours des dix dernières années, un résumé du cours, des fiches en 1 ou 2 pages sur des points essentiels pouvant faire l’objet de devoirs, de TD, d’examens.
856 41 - ELECTRONIC LOCATION AND ACCESS
Uniform Resource Identifier <a href="https://shs.cairn.info/la-france-de-1919-a-1939--9782200014070?lang=fr&redirect-ssocas=7080">https://shs.cairn.info/la-france-de-1919-a-1939--9782200014070?lang=fr&redirect-ssocas=7080</a>

Pas d'exemplaire disponible.

PLUDOC

PLUDOC est la plateforme unique et centralisée de gestion des bibliothèques physiques et numériques de Guinée administré par le CEDUST. Elle est la plus grande base de données de ressources documentaires pour les Étudiants, Enseignants chercheurs et Chercheurs de Guinée.

Adresse

627 919 101/664 919 101

25 boulevard du commerce
Kaloum, Conakry, Guinée

Réseaux sociaux

Powered by Netsen Group @ 2025